Sága o Posledních. Kniha druhá, Světlonoška /
Pokračování romantasy série ze světa Anwyvnu. Rhya přijde téměř o vše, na čem jí záleželo. Nyní musí napnout všechny síly a ovládnout své schopnosti, aby se mohla znovu postavit nepřátelům.
Uloženo v:
| Série: | Sága o Posledních,
část 2 |
|---|---|
| Hlavní autor: | |
| Další autoři: | |
| Médium: | Kniha |
| Jazyk: | Czech |
| Vydáno: |
Praha :
Baronet,
2026
|
| Vydání: | 1. vydání |
| Témata: | |
| Celkem bylo vypůjčeno: | 0x |
| Příbuzné jednotky: | Z cyklu::
Sága o Posledních |
| Tagy: |
Žádné tagy |
| LEADER | 02389nam a2200481 i 4500 | ||
|---|---|---|---|
| 001 | 106504 | ||
| 003 | CZ PrNK | ||
| 005 | 20260604174137.0 | ||
| 007 | ta | ||
| 008 | 260519s2026 xr g 000 f cze | ||
| 015 | |a cnb003758632 | ||
| 020 | |a 9788026929086 |q (brožováno) : |c Kč 469,00 | ||
| 040 | |a ABG001 |b cze |e rda | ||
| 041 | 1 | |a cze |h eng | |
| 072 | 7 | |a 821.111(73)-3 |x Americká próza |2 Konspekt |9 25 | |
| 080 | |a 821.111(73)-31 |2 MRF | ||
| 080 | |a (0:82-312.9) |2 MRF | ||
| 080 | |a (0:82-31)-055.2 |2 MRF | ||
| 100 | 1 | |a Johnson, Julie, |d 1991- |7 xx0258679 |4 aut |9 112084 | |
| 240 | 1 | 0 | |a Sea spinner. |l Česky |
| 245 | 1 | 0 | |a Sága o Posledních. |n Kniha druhá, |p Světlonoška / |c Julie Johnson ; z anglického originálu The sea spinner ... přeložila Alena Harnová |
| 246 | 3 | 0 | |a Světlonoška |
| 250 | |a 1. vydání | ||
| 264 | 1 | |a Praha : |b Baronet, |c 2026 | |
| 300 | |a 549 stran ; |c 20 cm | ||
| 336 | |a text |b txt |2 rdacontent | ||
| 337 | |a bez média |b n |2 rdamedia | ||
| 338 | |a svazek |b nc |2 rdacarrier | ||
| 520 | 2 | |a Pokračování romantasy série ze světa Anwyvnu. Rhya přijde téměř o vše, na čem jí záleželo. Nyní musí napnout všechny síly a ovládnout své schopnosti, aby se mohla znovu postavit nepřátelům. |b Po krvavé bitvě během festivalu Fyremas se Rhye Fleetwoodové zhroutí celý svět. Caeldera je v troskách, přátelé mrtví a král Penn posedlý pomstou. Když se Rhya ocitne u Vodního dvora, musí se naučit ovládnout svou nevycvičenou magii i city, které v ní probouzí tajemný král Soren. Zatímco se kolem stahují nepřátelé a blíží se válka, Rhya může ztratit víc než své srdce - může přijít o život. Nakladatelská anotace. | |
| 653 | 0 | |a romantasy | |
| 655 | 7 | |a americké romány |7 fd131796 |2 czenas |9 53403 | |
| 655 | 7 | |a fantasy romány |7 fd184199 |2 czenas |9 54250 | |
| 655 | 7 | |a romány pro ženy |7 fd187897 |2 czenas |9 115 | |
| 655 | 9 | |a American fiction |2 eczenas | |
| 655 | 9 | |a fantasy novels |2 eczenas | |
| 655 | 9 | |a women's novels |2 eczenas | |
| 700 | 1 | |a Harnová, Alena, |d 1974- |7 xx0140775 |4 trl |9 16465 | |
| 710 | 2 | |a Baronet (nakladatelství) |7 xx0220126 |4 pbl |9 117170 | |
| 787 | 0 | 8 | |i Z cyklu: |t Sága o Posledních |g 2 |
| 910 | |a UOG502 | ||
| 942 | |2 ddc |c KN | ||
| 999 | |d 106504 | ||
| 993 | |0 0 |1 421180107224 |2 ddc |4 0 |7 0 |9 99948 |b 0 |c 107224 |d 2026-06-04 |e 0 |f DOSP |h 469.00 |i Koupě |l DOSP |r 2026-06-04 |t 6 |w 2026-06-04 |y KN |z BELET |n | ||